| 000 | 00572nab a2200145Ia 4500 | ||
|---|---|---|---|
| 003 | ES-SlBCS | ||
| 005 | 20210601142703.0 | ||
| 008 | 140529s1980 xxu||||| |||| 00| 0 spa d | ||
| 041 | _aspa | ||
| 100 | 1 |
_aKalhammer, Fritz R. _9275660 |
|
| 245 | 0 | 0 |
_aSistemas para almacenar energía. El almacenamiento de energía en estanques de agua, aire comprimido y baterías ahorra petróleo _c Fritz R. Kalhammer |
| 650 | 0 | 4 |
_aIngeniería-Economía _9269787 |
| 773 | 0 |
_tInvestigacion y Ciencia (Traducción de: Scientific American) _gnº. 41, 1980, págs. 8-18 _wRev1650 |
|
| 942 | _cAR | ||
| 999 |
_c680555 _d680555 |
||